Exposición del libros británicos
Publicado:
San Jorge, núm. 82 (2n trimestre 1971), pàg 57 :
MARC
| LEADER | 00000nam a2200000Ia 4500 | ||
|---|---|---|---|
| 001 | |||
| 008 | 160829s9999 xx 000 0 cat d | ||
| 245 | |a Exposición del libros británicos | ||
| 260 | |a San Jorge, núm. 82 (2n trimestre 1971), pàg 57 | ||
| 610 | 2 | 0 | |a Biblioteca Central (Barcelona, Catalunya) |9 54533 |
| 650 | |a Llibre britànic |x Exposicions |9 46205 | ||
| 901 | |a Arxiu | ||
| 942 | |n 1 | ||
| 952 | |0 0 |1 0 |4 0 |7 1 |9 53075 |a Arxiu |b Arxiu |d 2016-12-01 |l 0 |r 2016-12-01 00:00:00 |w 2016-12-01 |y ARXIU | ||
| 999 | |c 56924 |d 56924 | ||